Communication Management / (Record no. 134555)

MARC details
000 -LEADER
fixed length control field 00763nam a22002537a 4500
003 - CONTROL NUMBER IDENTIFIER
control field dpl
005 - DATE AND TIME OF LATEST TRANSACTION
control field 20180622165159.0
008 - FIXED-LENGTH DATA ELEMENTS--GENERAL INFORMATION
fixed length control field 180622b xxu||||| |||| 00| 0 eng d
010 ## - LIBRARY OF CONGRESS CONTROL NUMBER
LC control number A-943832
020 ## - INTERNATIONAL STANDARD BOOK NUMBER
Terms of availability 600.00
International Standard Book Number 817680371
035 ## - SYSTEM CONTROL NUMBER
System control number A-943832, A-943836
037 ## - SOURCE OF ACQUISITION
Source of stock number/acquisition Cen Lib/Ret
040 ## - CATALOGING SOURCE
Original cataloging agency DPL
Language of cataloging EN
Transcribing agency 0
082 ## - DEWEY DECIMAL CLASSIFICATION NUMBER
Classification number 658.45
Item number NAR
100 ## - MAIN ENTRY--PERSONAL NAME
Personal name Narayan, B.
9 (RLIN) 106876
245 ## - TITLE STATEMENT
Title Communication Management /
Statement of responsibility, etc by B. Narayan
260 ## - PUBLICATION, DISTRIBUTION, ETC. (IMPRINT)
Place of publication, distribution, etc New Delhi
Name of publisher, distributor, etc A. P. H. Publishing Corporation
Date of publication, distribution, etc 1999
270 ## - ADDRESS
Address 5, Ansari Road, Darya Ganj
City New Delhi
Postal code 110002
300 ## - PHYSICAL DESCRIPTION
Extent 284p. :
Dimensions 21cm(Hb)
500 ## - GENERAL NOTE
General note Includes index
650 ## - SUBJECT ADDED ENTRY--TOPICAL TERM
Topical term or geographic name as entry element Communication
9 (RLIN) 9469
650 ## - SUBJECT ADDED ENTRY--TOPICAL TERM
Topical term or geographic name as entry element Communication--Management
9 (RLIN) 106877
942 ## - ADDED ENTRY ELEMENTS (KOHA)
Source of classification or shelving scheme Dewey Decimal Classification
Koha item type English Books
Classification part 658.45
Call number suffix NAR
Holdings
Withdrawn status Lost status Damaged status Not for loan Collection code Home library Current library Date acquired Source of acquisition Cost, normal purchase price Total Checkouts Full call number Barcode Date last seen Copy number Cost, replacement price Price effective from Koha item type Source of classification or shelving scheme
      Not For Loan Reference Central Library Central Library 30/07/2015 Cen Lib/Ret 600.00   658.45 NAR A-943832 30/07/2015 1 600.00 15/09/2016 English Books  
        Non-fiction Shahdara Branch Shahdara Branch 22/06/2018 BPPD/PUB 0.00   658.45 NAR A-943836 22/06/2018   0.00 22/06/2018 English Books Dewey Decimal Classification

© Delhi Public Library
Hit Counter
free hit counter